| 000 | 00425nam a22001697a 4500 | ||
|---|---|---|---|
| 003 | NUST - PNEC | ||
| 005 | 20170116181035.0 | ||
| 008 | 150915b xxu||||| |||| 00| 0 eng d | ||
| 020 | _a- | ||
| 040 | _cLIBRARY | ||
| 082 | _a621.388 SCH | ||
| 100 |
_910654 _aSchure, Alexander |
||
| 245 |
_aBasic television : vol 4 _cAlexander Schure |
||
| 260 | _cc.1958 | ||
| 650 |
_910656 _aBasic television _xMS COM |
||
| 942 |
_2ddc _cBK |
||
| 999 |
_c67909 _d67909 |
||